000 00648nam a2200253Ia 4500
003 OSt
005 20221005073015.0
006 a|||||r|||| 00| 0
007 ta
008 221004b |||||||| |||| 00| 0 eng d
020 _a8121207894
024 _a72217
037 _cTextual
040 _aCRL
_cCRL
_beng
041 _2eng
_aeng
082 _aY15-5.2, P2
100 _aMishra Saraswati
245 0 _aStatus of Indian women
260 _aNew Delhi
_bGayan Publishing House India
_c2002
300 _a270p
_ccm.
650 _aSOCIOLOGY
942 _hY15-5.2, P2
_cTEXL
_2cc
999 _c980406
_d980406